Suurin kaupunki ... - Statistics

Yleistilastot
  • Tätä visaa on pelattu 172 kertaa
  • Keskiarvotulos 11 / 18
Vastaustilastot
Suurin ... Kaupunki % Oikein
Saksankielinen Berliini
98%
Isossa-Britanniassa Lontoo
88%
Ranskassa Pariisi
87%
Yhdysvalloissa New York
86%
Skandinaviassa Tukholma
84%
Espanjankielinen Mexico
78%
Korean niemimaalla Soul
71%
Portugalinkielinen São Paulo
68%
Mustanmeren rannalla Istanbul
61%
Havaijilla Honolulu
59%
Arabian niemimaalla Riad
58%
Wu-kielinen Shanghai
58%
Iberian niemimaalla Madrid
54%
Hokkaidolla Sapporo
49%
Luzonilla Manila
39%
Hispaniolalla Santo Domingo
37%
Korsikalla Ajaccio
34%
Yucatanin niemimaalla Mérida
8%
Ehtoja vastaavia visoja ei löytynyt
Tulosjakauma
Jokaisen tuloksen saaneiden osuus
Persentiili vastausten määrän mukaan
Tuloshistoriasi
Et ole pelannut tätä visaa